Materials management

Guardado en:
Detalles Bibliográficos
Autor principal: Ballot, Robert B.
Formato: Libro
Publicado: New Delhi : Taraporevala Publishing Industries Private Ltd., 1980.
Materias:
Etiquetas: Agregar Etiqueta
Sin Etiquetas, Sea el primero en etiquetar este registro!

MARC

LEADER 00000nam a2200000 4500
020 |a NA  |c TZS 1650/= 
040 |a MUL  |b eng  |e AACR 
082 |a 658.7 BAL 
100 |a Ballot, Robert B. 
245 |a Materials management  |c / Robert B. Ballot 
260 |a New Delhi :  |b Taraporevala Publishing Industries Private Ltd.,  |c 1980. 
300 |a x, 309p. :  |c 21 cm 
500 |a Includes index  
650 |a Long-term planning 
942 |c BK 
999 |c 5793  |d 5793